000 00303nam a2200109Ia 4500
008 171211s9999 xx 000 0 und d
245 _aSurviving the Nazi Onslaught
245 _cCarole McEntee-Taylor
260 _c2014
650 _xBiography
856 _uhttp://down.ebook777.com/062/9781783831067.pdf
999 _c349903
_d349903